000 00625nam a22002417a 4500
001 20607
003 UA-OsUOA
005 20230913121729.0
007 ta
008 20031101b un ||||| |||| 00| 0 ukr d
040 _aUA-OsUOA
_brus
_cUA-OsUOA
_dUA-OsUOA
041 _arus
044 _aRU
080 _a913 (548.7)
090 _a913 (548.7)
_bП27
100 _aПеревощиков К. А.
245 _aВ стране вечного лета. По Цейлону
260 _aМосква
_bИзвестия
_c1958
300 _a70 с.
_bІлюстрації
650 7 _2UDC
942 _cBK
_2udc
955 _a0
999 _c306787
_d306787